Представление документа в формате RUSMARC

ПолеНазваниеЗначение
  Тип записи a
  Библиографический уровень m
001 Контрольный номер RU/IS/BASE/338048947
005 Дата корректировки 20201206204442.4
010 Индекс ISBN __
d Цена 0-60
101 Язык документа __
a Язык текста rus
c Язык оригинала rus
200 Заглавие и сведения об ответственности 0_
a Заглавие Время Большого солнца
f Первые сведения об ответственности Медынский С. Е.
b Общее обозначение материала Текст
210 Выходные данные __
a Место издания М.
c Издательство Дет. лит.
d Дата издания 1985
215 Физическое описание __
a Объем 224 с.
c Иллюстрации/тип воспроизводства ил.
606 Тематические рубрики __
a Основная рубрика География
606 Тематические рубрики __
a Основная рубрика Страноведение
610 Ключевые слова __
a Ключевые слова детская литература
686 Индексы других классификаций __
a Классификационный индекс ст26.89(2Рос)
700 Автор _1
a Фамилия Медынский
b Имя С. Е.
4 Код отношения 070
801 Источник записи _0
a Страна RU
b Организация Муниципальное бюджетное учреждение культуры "Централизованная библиотечная система" г. Сургут (Центральная городская библиотека им. А. С. Пушкина)
g Правила каталогизации ЦДБ/Симакова
801 Источник записи _1
a Страна RU
b Организация Муниципальное бюджетное учреждение культуры "Централизованная библиотечная система" г. Сургут (Центральная городская библиотека им. А. С. Пушкина)
g Правила каталогизации ЦДБ/Симакова
852 Данные о местонахождении __
j Шифр хранения ст26.89(2Рос)
c Каталожный индекс 26.89(2Рос)
i Авторский знак М 42
p Инвентарный номер 24816
901 Тип документа __
t Тип документа m
903 Характеристики (МАРС) __
a Дата передачи 20061127
990 Данные о заказе (DOS) __
j Количество экземпляров (DOS) 2
t N записи в КСУ для И/У (DOS) ретр